| 000 | 01280nam0a22003131 4500 | ||
|---|---|---|---|
| 001 | rc\3539220 | ||
| 005 | 20260407113005.0 | ||
| 021 |
_aRU _bРг2579-70 |
||
| 021 |
_aRU _b69-109502 |
||
| 035 | _a(NLR Aleph) 007632915 | ||
| 090 |
_a6042423 _c6042423 |
||
| 100 | _a20130115d1969 |||y0rusy50 ca | ||
| 101 | 0 | _arus | |
| 102 | _aRU | ||
| 105 | _aac z |||c| | ||
| 200 | 1 |
_a150 лет _e[Ист. очерк] _fВоен.-инж. акад. им. В.В. Куйбышева |
|
| 210 |
_aМосква _cБ. и. _d1969 |
||
| 215 |
_a544 с. _cил., портр. _d21 |
||
| 300 | _aНа обороте тит. л. авт.: канд. воен. наук, доц., полк. П.И. Бирюков, д-р ист. наук, проф. полк. В.Н. Конюховский, канд. ист. наук, доц., полк. П.В. Галочкин [и др.] | ||
| 532 | 1 | 1 | _aСто пятьдесят лет |
| 701 | 1 |
_aКонюховский _bВ.Н. |
|
| 701 | 1 |
_aГалочкин _bП.В. |
|
| 701 | 1 |
_aБирюков _bП.И. |
|
| 710 | 0 | 2 |
_aВоенно-инженерная академия им. В. В. Куйбышева _cМосква _3RU\NLR\AUTH\889942066 _9378974 |
| 801 | 0 |
_aRU _bNLR _gpsbo |
|
| 801 | 1 |
_aRU _bELAR _2rusmarc |
|
| 852 |
_aNLR _j69-5/7040 |
||
| 942 | _cBOOK | ||
| 980 | _aNB | ||